Bureaucracy : (Record no. 58028)

MARC details
000 -LEADER
fixed length control field 01868nam a22003017a 4500
005 - DATE AND TIME OF LATEST TRANSACTION
control field 2011110308128.0
010 ## - LCCN (DPL NO)
LC control number ENG-104012 B-457624-628
020 ## - INTERNATIONAL STANDARD BOOK NUMBER
International Standard Book Number 9788192102856
Terms of availability 625.00
035 ## - SYSTEM CONTROL NUMBER
System control number EN-87545 B-457624-628
037 ## - SOURCE OF ACQUISITION
Source of stock number/acquisition DBAD/PUB
037 ## - SOURCE OF ACQUISITION
Source of stock number/acquisition K.K.Pub/Ven
082 ## - DEWEY DECIMAL CLASSIFICATION NUMBER
Classification number 352.63
100 ## - MAIN ENTRY--PERSONAL NAME
Personal name Narendra Singh
245 ## - TITLE STATEMENT
Title Bureaucracy :
Statement of responsibility, etc by Narendra Singh
Remainder of title issues and policy /
260 ## - PUBLICATION, DISTRIBUTION, ETC. (IMPRINT)
Place of publication, distribution, etc Delhi
Name of publisher, distributor, etc Ancient Publishing House
Date of publication, distribution, etc 2011
270 ## - ADDRESS
Address V-75, Street No. 15-A, Vijay Park, Near C-11, Shiv Sadhana Mandir, Yamuna Vihar
City Delhi
Postal code 110053
300 ## - PHYSICAL DESCRIPTION
Extent vi,272p.
Dimensions 22cm (Hb)
500 ## - GENERAL NOTE
General note Includes index
700 ## - ADDED ENTRY--PERSONAL NAME
9 (RLIN) 35668
942 ## - ADDED ENTRY ELEMENTS (KOHA)
Source of classification or shelving scheme Dewey Decimal Classification
Item type English Books
Classification part 352.63
Call number suffix NAR
Holdings
Withdrawn status Lost status Not for loan Collection code Home library Current library Date acquired Source of acquisition Cost, normal purchase price Full call number Barcode Copy number Cost, replacement price Koha item type Public note
      Non-fiction Bawana Bawana 28/08/2012 K.K.Pub/1657/24.01.2012/25/24.01.2012/06.02.2012 625.00 352.63 NAR B-457627 1 625.00 English Books  
      Non-fiction Central Library Central Library 28/08/2012 K.K.Pub/1657/24.01.2012/25/24.01.2012/06.02.2012 625.00 352.63 NAR B-457624 1 625.00 English Books Legal Case (Register 2018)
    Not For Loan Non-fiction D.B.Act.Division D.B.Act.Division 03/11/2011 DBAD/PUB 625.00 352.63 NAR EN-87545 1 625.00 English Books  
      Non-fiction Patel Nagar Patel Nagar 28/08/2012 K.K.Pub/1657/24.01.2012/25/24.01.2012/06.02.2012 625.00 352.63 NAR B-457625 1 625.00 English Books  
      Non-fiction Sarojini Nagar Sarojini Nagar 28/08/2012 K.K.Pub/1657/24.01.2012/25/24.01.2012/06.02.2012 625.00 352.63 NAR B-457626 1 625.00 English Books  
      Non-fiction Shahdara Branch Shahdara Branch 28/08/2012 K.K.Pub/1657/24.01.2012/25/24.01.2012/06.02.2012 625.00 352.63 NAR B-457628 1 625.00 English Books  

© Delhi Public Library
Hit Counter
free hit counter